A review on the challenges and role of national green tribunal in expediting environmental justice in India (Record no. 510056)

000 -LEADER
fixed length control field 00576nam a2200169 4500
008 - FIXED-LENGTH DATA ELEMENTS--GENERAL INFORMATION
fixed length control field 190722b ||||| |||| 00| 0 eng d
100 ## - MAIN ENTRY--PERSONAL NAME
Personal name Chauhan, Nakul Singh
245 ## - TITLE STATEMENT
Title A review on the challenges and role of national green tribunal in expediting environmental justice in India
260 ## - PUBLICATION, DISTRIBUTION, ETC. (IMPRINT)
Date of publication, distribution, etc 2019
300 ## - PHYSICAL DESCRIPTION
Extent p.7-12.
650 ## - SUBJECT ADDED ENTRY--TOPICAL TERM
Topical term or geographic name as entry element Environmental management
9 (RLIN) 7204
650 ## - SUBJECT ADDED ENTRY--TOPICAL TERM
Topical term or geographic name as entry element Sustainable development
9 (RLIN) 7205
700 ## - ADDED ENTRY--PERSONAL NAME
Personal name Rai, Swati
9 (RLIN) 7206
773 ## - HOST ITEM ENTRY
Main entry heading Prestige International Journal of Management and Research
906 ## - LOCAL DATA ELEMENT F, LDF (RLIN)
Subject DIP Environment
942 ## - ADDED ENTRY ELEMENTS (KOHA)
Source of classification or shelving scheme
Item type Articles
Holdings
Withdrawn status Lost status Source of classification or shelving scheme Damaged status Not for loan Permanent location Current location Date acquired Serial Enumeration / chronology Barcode Date last seen Koha item type
          Indian Institute of Public Administration Indian Institute of Public Administration 2019-07-22 11(2), Feb, 2019: p.7-12. AR120415 2019-07-22 Articles

Powered by Koha